00291nam a2200121Ia 4500008004100000041000900041082001900050100002200069245002500091260003700116300000800153650000800161230718s9999 xx 000 0 und d aEng. a362.029bVAL-D aValverde, Mariana 0aDiseases of the will aPakistanbCambridge aufiesc1958 a251 aLaw